000
00246nam a2200109Ia 4500
008
190216s9999||||xx |||||||||||||| ||und||
100
_a
Gupta .a.k.s
245
0
_a
Management Accountancy
260
_b
Macmillan
_c
1971
300
_a
496p
942
_c
BK
999
_c
4162
_d
4162